Fifth orientation course on SC/ST/OBC reservation in government and public sector undertakings, March 1-3, 2000 (Record no. 489756)

000 -LEADER
fixed length control field 00458cam a22001217a 4500
008 - FIXED-LENGTH DATA ELEMENTS--GENERAL INFORMATION
fixed length control field 180718b2000 xxu||||| |||| 00| 0 eng d
082 ## - DEWEY DECIMAL CLASSIFICATION NUMBER
Classification number BA27x54 T326m
100 ## - MAIN ENTRY--PERSONAL NAME
Personal name Thakur, R.N.
245 ## - TITLE STATEMENT
Title Fifth orientation course on SC/ST/OBC reservation in government and public sector undertakings, March 1-3, 2000
Statement of responsibility, etc. by R.N. Thakur
260 ## - PUBLICATION, DISTRIBUTION, ETC.
Place of publication, distribution, etc. New Delhi
Name of publisher, distributor, etc. Indian Institute of Public Administration
Date of publication, distribution, etc. 2000
300 ## - PHYSICAL DESCRIPTION
Extent 72p.
650 ## - SUBJECT ADDED ENTRY--TOPICAL TERM
Topical term or geographic name entry element Reservations - Employment - India
Holdings
Withdrawn status Lost status Damaged status Not for loan Permanent Location Current Location Date acquired Full call number Barcode Date last seen Price effective from Koha item type
        Indian Institute of Public Administration Indian Institute of Public Administration 2018-08-04 BA27x54 T326m GR15187 2025-01-29 2018-08-04 GR
        Indian Institute of Public Administration Indian Institute of Public Administration 2018-08-04 BA27x54 T326m GR15186 2018-08-04 2018-08-04 GR

Powered by Koha